| 000 | 00865cam a22002534i 4500 | ||
|---|---|---|---|
| 001 | 11925780 | ||
| 003 | EG-ScBUE | ||
| 005 | 20250526093730.0 | ||
| 008 | 000229s2000 maua f b 001 0 eng d | ||
| 020 | _a9780262632607 | ||
| 040 |
_aEG-ScBUE _beng _erda _cEG-ScBUE _dEG-ScBUE |
||
| 082 | 0 | 4 |
_a530.1433 _222 _bMEA |
| 100 | 1 |
_aMead, Carver, _931491 _eauthor. |
|
| 245 | 1 | 0 |
_aCollective electrodynamics : _bquantum foundations of electromagnetism / _cCarver A. Mead. |
| 264 | 1 |
_aCambridge, Massachusetts : _bThe MIT Press, _c2000. |
|
| 300 |
_axxiii, 135 pages : _billustrations ; _c24 cm |
||
| 336 |
_2rdacontent _atext _btxt |
||
| 337 |
_aunmediated _2rdamedia _bn |
||
| 338 |
_avolume _bnc _2rdacarrier |
||
| 504 | _aIncludes bibliographical references and index. | ||
| 650 | 7 |
_aQuantum electrodynamics. _931492 _2BUEsh |
|
| 655 | _vReading book | ||
| 942 |
_2ddc _cBB |
||
| 999 |
_c17114 _d17086 |
||